Old d1 NCAA logos - Statistics

General Stats
  • This quiz has been taken 31 times
  • The average score is 15 of 24
Answer Stats
Picture Answer % Correct
alabama
93%
Kansas state
93%
maryland
93%
minnesota
93%
texas
93%
tcu
89%
jacksonville
85%
michigan
85%
temple
85%
marshall
81%
wake forest
81%
creighton
78%
army
70%
colorado
70%
old dominion
63%
UC irvine
52%
Seton hall
44%
usf
41%
ohio
30%
northern arizona
26%
Arkansas state
15%
southern miss
15%
valparaiso
15%
Montana state
7%
No matching quizzes found
Score Distribution
Percent of People with Each Score
Percentile by Number Answered
Your Score History
You have not taken this quiz